000 00669nam a2200229Ia 4500
003 OSt
005 20220926005457.0
006 a|||||r|||| 00| 0
007 ta
008 220923b |||||||| |||| 00| 0 eng d
037 _cGeneral Book
040 _aRTL
_cRTL
_beng
041 _2eng
_aeng
082 _aY:351.2734.N, L3
100 _aRoy Chaudhuary Indu
_9310419
245 0 _aFolk tales of the Santals
260 _a New Delhi
_bSterling
_c1973
300 _a120p
_ccm.
490 _aFolktales of India series . Ed by P C Roy Chaudhury.13
942 _hY:351.2734.N, L3
_cGB
_2CC
999 _c613959
_d613959